Nghiên cứu đặc tính nông học của các dòng lúa lai trong điều kiện khô hạn nhân tạo : Luận văn tốt nghiệp cao học. Chuyên ngành Sinh thái học
Nghiên cứu đặc tính nông học của các dòng lúa lai trong điều kiện khô hạn nhân tạo để tìm ra được giống lúa chịu hạn tốt cung cấp cho các vùng gặp khó khăn về nước tưới
Sparad:
| Huvudupphovsman: | |
|---|---|
| Materialtyp: | Bok |
| Språk: | Undetermined |
| Publicerad: |
Cần Thơ
Trường Đại học Cần Thơ
2016
|
| Ämnen: | |
| Taggar: |
Lägg till en tagg
Inga taggar, Lägg till första taggen!
|
| Thư viện lưu trữ: | Trung tâm Học liệu Trường Đại học Cần Thơ |
|---|
| LEADER | 01140nam a2200217Ia 4500 | ||
|---|---|---|---|
| 001 | CTU_212047 | ||
| 008 | 210402s9999 xx 000 0 und d | ||
| 082 | |a 633.18 | ||
| 082 | |b L309 | ||
| 088 | |a 60420120 | ||
| 100 | |a Nguyễn, Thị Ngọc Liễu | ||
| 245 | 0 | |a Nghiên cứu đặc tính nông học của các dòng lúa lai trong điều kiện khô hạn nhân tạo : | |
| 245 | 0 | |b Luận văn tốt nghiệp cao học. Chuyên ngành Sinh thái học | |
| 245 | 0 | |c Nguyễn Thị Ngọc Liễu ; Nguyễn Thị Lang (Cán bộ hướng dẫn) | |
| 260 | |a Cần Thơ | ||
| 260 | |b Trường Đại học Cần Thơ | ||
| 260 | |c 2016 | ||
| 520 | |a Nghiên cứu đặc tính nông học của các dòng lúa lai trong điều kiện khô hạn nhân tạo để tìm ra được giống lúa chịu hạn tốt cung cấp cho các vùng gặp khó khăn về nước tưới | ||
| 650 | |a Rice breeders,Cây lúa,Chọn giống lúa,Rice | ||
| 904 | |i Nguyên | ||
| 980 | |a Trung tâm Học liệu Trường Đại học Cần Thơ | ||